MARC details
| 000 -LEADER |
| fixed length control field |
02203cam a2200421 a 4500 |
| 001 - CONTROL NUMBER |
| control field |
15150135 |
| 003 - CONTROL NUMBER IDENTIFIER |
| control field |
OSt |
| 005 - DATE AND TIME OF LATEST TRANSACTION |
| control field |
20230605094258.0 |
| 008 - FIXED-LENGTH DATA ELEMENTS--GENERAL INFORMATION |
| fixed length control field |
080122s2007 nyu b i000 0 eng d |
| 010 ## - LIBRARY OF CONGRESS CONTROL NUMBER |
| LC control number |
2008365246 |
| 020 ## - INTERNATIONAL STANDARD BOOK NUMBER |
| International Standard Book Number |
9789291423477 |
| 020 ## - INTERNATIONAL STANDARD BOOK NUMBER |
| International Standard Book Number |
9291423475 |
| 035 ## - SYSTEM CONTROL NUMBER |
| System control number |
(OCoLC)ocn183708202 |
| 040 ## - CATALOGING SOURCE |
| Original cataloging agency |
SYL |
| Transcribing agency |
SYL |
| Modifying agency |
DLC |
| 042 ## - AUTHENTICATION CODE |
| Authentication code |
lccopycat |
| 082 ## - DEWEY DECIMAL CLASSIFICATION NUMBER |
| Classification number |
323 |
| Item number |
UNI |
| 110 2# - MAIN ENTRY--CORPORATE NAME |
| Corporate name or jurisdiction name as entry element |
United Nations. |
| 245 10 - TITLE STATEMENT |
| Title |
From exclusion to equality : |
| Remainder of title |
realizing the rights of persons with disabilities : handbook for parliamentarians on the Convention of the Rights of persons with disabilities and its optional protocol. |
| 246 30 - VARYING FORM OF TITLE |
| Title proper/short title |
Realizing the rights of persons with disabilities |
| 246 30 - VARYING FORM OF TITLE |
| Title proper/short title |
Handbook for parliamentarians on the Convention of the Rights of persons with disabilities and its optional protocol. |
| 260 ## - PUBLICATION, DISTRIBUTION, ETC. (IMPRINT) |
| Place of publication, distribution, etc. |
New York : |
| Name of publisher, distributor, etc. |
United Nations ; |
| Place of publication, distribution, etc. |
Geneva : |
| Name of publisher, distributor, etc. |
UN Office of the High Commissioner for Human Rights : |
| -- |
Inter-Parliamentary Union, |
| Date of publication, distribution, etc. |
2007. |
| 300 ## - PHYSICAL DESCRIPTION |
| Extent |
viii, 150 p. ; |
| Dimensions |
23 cm. |
| 440 #0 - SERIES STATEMENT/ADDED ENTRY--TITLE |
| Title |
Handbook for parliamentarians ; |
| Volume/sequential designation |
no. 14 |
| 500 ## - GENERAL NOTE |
| General note |
"HR/PUB/07/6." |
| 504 ## - BIBLIOGRAPHY, ETC. NOTE |
| Bibliography, etc |
Includes bibliographical references and appendices. |
| 505 0# - FORMATTED CONTENTS NOTE |
| Formatted contents note |
Overview -- The Convention in detail -- Monitoring the Convention and the Optional Protocol -- Becoming a party to the Convention and Optional Protocol -- National legislation and the Convention -- From provisions to practice : implementing the Convention -- Creating national institutions to implement and monitor the Convention. |
| 530 ## - ADDITIONAL PHYSICAL FORM AVAILABLE NOTE |
| Additional physical form available note |
Available also online as a PDF file via the World Wide Web. |
| 650 #0 - SUBJECT ADDED ENTRY--TOPICAL TERM |
| Topical term or geographic name as entry element |
People with disabilities |
| General subdivision |
Legal status, laws, etc. |
| 650 #0 - SUBJECT ADDED ENTRY--TOPICAL TERM |
| Topical term or geographic name as entry element |
People with disabilities |
| General subdivision |
Civil rights |
| -- |
International cooperation. |
| 650 #0 - SUBJECT ADDED ENTRY--TOPICAL TERM |
| Topical term or geographic name as entry element |
Human rights. |
| 650 #0 - SUBJECT ADDED ENTRY--TOPICAL TERM |
| Topical term or geographic name as entry element |
Civil rights. |
| 710 2# - ADDED ENTRY--CORPORATE NAME |
| Corporate name or jurisdiction name as entry element |
United Nations. |
| Subordinate unit |
Office of the High Commissioner for Human Rights. |
| 710 2# - ADDED ENTRY--CORPORATE NAME |
| Corporate name or jurisdiction name as entry element |
Inter-parliamentary Union. |
| 856 41 - ELECTRONIC LOCATION AND ACCESS |
| Uniform Resource Identifier |
<a href="http://www.ipu.org/PDF/publications/disabilities-e.pdf">http://www.ipu.org/PDF/publications/disabilities-e.pdf</a> |
| 906 ## - LOCAL DATA ELEMENT F, LDF (RLIN) |
| a |
7 |
| b |
cbc |
| c |
copycat |
| d |
2 |
| e |
ncip |
| f |
20 |
| g |
y-gencatlg |
| 942 ## - ADDED ENTRY ELEMENTS (KOHA) |
| Source of classification or shelving scheme |
Dewey Decimal Classification |
| Koha item type |
Books |